Kluby Ekstraklasy 2000/2001 - Statystyki

Ogólne statystyki
  • Ten quiz został rozwiązany 474 razy
  • Średni wynik to 11 z 16
Statystyki odpowiedzi
Hint Odpowiedź % Poprawnych
3 Legia Warszawa
100%
1 Wisła Kraków
95%
4 Polonia Warszawa
86%
6 Ruch Chorzów
86%
13 Górnik Zabrze
83%
12 Widzew Łódź
82%
2 Pogoń Szczecin
81%
11 Śląsk Wrocław
79%
5 Zagłębie Lubin
74%
7 Amica Wronki
73%
8 GKS Katowice
68%
15 Wisła Płock
53%
10 Dyskobolia Grodzisk Wielkopolski
32%
14 Stomil Olsztyn
32%
9 Odra Wodzisław Śląski
26%
16 Ruch Radzionków
21%
Nie znaleziono quizów pasujących do podanych kryteriów
Rozkład punktacji
Procent ludzi z każdym wynikiem
Percentyl według liczby udzielonych odpowiedzi
Twoja historia wyników
Nie rozwiązałeś tego quizu